000 00592nam a2200193 a 4500
005 20240924071500.0
008 010625s1996 mx r 000 0 spa d
020 _a9507011331
035 _aUPN01000108941
049 _aCG
050 4 _aLB1707
_bH9.2 1996
100 1 _aHuberman, Susana
245 1 0 _aCómo aprenden los que enseñan :
_bla formación de los formadores : nuevos modelos para nuevas prácticas /
_cSusana Huberman.
250 _a3a ed.
260 _aBuenos Aires :
_bAique,
_c1996.
300 _a160 p.
650 4 _aMaestros
_xFormación profesional
_9804
905 _aLibro
999 _c82852
_d82852